[Event "34. Kieler Open 2022"]
[Site "Kiel"]
[Date "2022.07.31"]
[Round "4.36"]
[White "Schalla, Dieter"]
[Black "Weihrauch, Sebastian"]
[Result "1-0"]
[WhiteElo "2023"]
[BlackElo "1643"]
[PlyCount "113"]
[EventDate "2022.??.??"]

1. c4 e5 2. g3 Nf6 3. Bg2 d5 4. cxd5 Nxd5 5. Nc3 Nb6 6. Nf3 Nc6 7. b3 Be7 8.
Bb2 Be6 9. Rc1 O-O 10. Ne4 f6 11. Nc5 Bxc5 12. Rxc5 e4 13. Ng1 f5 14. Nh3 Nd7
15. Rc1 Nf6 16. O-O Qd7 17. f3 Rad8 18. Bc3 exf3 19. Bxf3 Nd5 20. Nf4 Nxf4 21.
gxf4 Bd5 22. e3 Ne7 23. Qc2 c6 24. Bd4 Ng6 25. Qc5 Bxf3 26. Rxf3 Qd5 27. Rg3
Qxc5 28. Rxc5 Rf7 29. Kf2 Ne7 30. Rc1 Nd5 31. Rcg1 g6 32. Kf3 Nf6 33. R3g2 Nh5
34. Rg5 Nf6 35. Rxf5 Ne8 36. Rfg5 Nd6 37. a4 Nf5 38. Bc3 Rd3 39. Ke2 Rd8 40.
Rh1 Nd6 41. d3 Re8 42. Be5 Re6 43. Rhg1 Rf5 44. Bxd6 Rxg5 45. Rxg5 Rxd6 46. e4
Kf7 47. Ke3 h6 48. Rg2 c5 49. Rc2 b6 50. Rc4 a5 51. d4 cxd4+ 52. Rxd4 Ke6 53.
Rxd6+ Kxd6 54. Kd4 g5 55. fxg5 hxg5 56. e5+ Ke6 57. h3 1-0

[Event "34. Kieler Open 2022"]
[Site "Kiel"]
[Date "2022.07.31"]
[Round "4.37"]
[White "Wartenberg, Julian"]
[Black "Link, Oliver"]
[Result "0-1"]
[WhiteElo "1540"]
[BlackElo "2022"]
[PlyCount "53"]
[EventDate "2022.??.??"]

1. e4 e5 2. Nf3 Nc6 3. Bc4 Nf6 4. Ng5 d5 5. exd5 Na5 6. Bb5+ c6 7. dxc6 bxc6 8.
Bd3 Ng4 9. Ne4 f5 10. Ng3 Bc5 11. Nxf5 Nxf2 12. Nxg7+ Kf8 13. Qf3+ Kxg7 14. Rf1
Qh4 15. Qg3+ Qxg3 16. hxg3 Nxd3+ 17. cxd3 Ba6 18. Rf3 Rhf8 19. b4 Bd4 20. Nc3
Nb7 21. Ba3 Rxf3 22. gxf3 Bxd3 23. Rc1 Nd6 24. Ne2 Nc4 25. Nxd4 exd4 26. Rxc4
Bxc4 27. Bb2 0-1

[Event "34. Kieler Open 2022"]
[Site "Kiel"]
[Date "2022.07.31"]
[Round "4.38"]
[White "Christensen, Andreas"]
[Black "Dawidzinski, Jan"]
[Result "1-0"]
[WhiteElo "1901"]
[BlackElo "1539"]
[PlyCount "75"]
[EventDate "2022.??.??"]

1. d4 e6 2. c4 d5 3. Nf3 Nf6 4. Bg5 Nbd7 5. cxd5 exd5 6. e3 c6 7. Qc2 Bd6 8.
Bd3 h6 9. Bh4 Qa5+ 10. Nc3 O-O 11. O-O Re8 12. a3 a6 13. Nd2 Qc7 14. Bg3 Bxg3
15. hxg3 Ng4 16. Nxd5 Qd8 17. Nf4 Ndf6 18. Nc4 Nd5 19. Qd2 Nxf4 20. exf4 Kf8
21. Qb4+ Kg8 22. Rfe1 b5 23. Rxe8+ Qxe8 24. Nb6 Rb8 25. Re1 Qd8 26. Nxc8 Rxc8
27. Bf5 h5 28. Bxc8 Qxc8 29. Qc5 Nf6 30. Rc1 Qd7 31. Qxc6 Qxd4 32. Qxa6 Ne4 33.
Qc8+ Kh7 34. Qc2 Kg8 35. Qc8+ Kh7 36. Qc2 Kg8 37. Rd1 Qc4 38. Qxc4 1-0

[Event "34. Kieler Open 2022"]
[Site "Kiel"]
[Date "2022.07.31"]
[Round "4.39"]
[White "Gressmann, Hanna"]
[Black "Schacht, David"]
[Result "1/2-1/2"]
[WhiteElo "1856"]
[BlackElo "1517"]
[PlyCount "120"]
[EventDate "2022.??.??"]

1. e4 e5 2. Nf3 Nc6 3. Bc4 Nf6 4. d3 Bc5 5. c3 d6 6. Nbd2 Ne7 7. O-O Ng6 8. d4
Bb6 9. Re1 O-O 10. Bb3 Bg4 11. h3 Bd7 12. Nc4 Re8 13. Nxb6 axb6 14. dxe5 dxe5
15. Bg5 Be6 {(=)} 16. Nh2 Qxd1 17. Raxd1 Bxb3 18. axb3 Red8 19. Bxf6 gxf6 20.
Ng4 Kg7 21. Ne3 Nf4 22. Kh2 Nd3 23. Re2 Nc5 24. Nf5+ Kg6 25. Rxd8 Rxd8 26. Ne7+
Kg7 27. b4 Nd3 28. Rd2 Rd7 29. Nf5+ Kg6 30. Nh4+ Kg5 31. g3 Rd6 32. Nf5 Rd7 {
(=)} 33. Ne3 Rd6 34. h4+ Kg6 35. Nd5 Nc1 36. Ne7+ Kh5 37. Rxd6 cxd6 38. Kg2 Nd3
39. Nc8 Nxb2 40. Nxd6 Kg6 41. Kf3 h5 42. Nxb7 Nc4 43. Ke2 f5 44. exf5+ Kxf5 45.
Nd8 Kf6 46. Kd3 Nb2+ 47. Ke4 Nd1 48. f3 Nxc3+ 49. Kd3 Nd5 50. Kc4 Nc7 51. Nc6
Kf5 52. Ne7+ Ke6 53. Nc8 Na8 54. g4 hxg4 55. fxg4 f5 56. gxf5+ Kxf5 57. Nd6+
Kg4 58. Kd5 Kxh4 59. Kxe5 Nc7 60. Nc4 Na6 1/2-1/2

[Event "34. Kieler Open 2022"]
[Site "Kiel"]
[Date "2022.07.31"]
[Round "4.40"]
[White "Langfeldt, Lars"]
[Black "Roselius, Philipp"]
[Result "1-0"]
[WhiteElo "1844"]
[BlackElo "1504"]
[PlyCount "111"]
[EventDate "2022.??.??"]

1. e4 d5 2. exd5 Nf6 3. Bb5+ Bd7 4. Bc4 Bg4 5. f3 Bf5 6. Nc3 Nbd7 7. g4 Nb6 8.
Bb3 Bc8 9. d3 Nfxd5 10. Bd2 e6 11. Qe2 Qh4+ 12. Qf2 Qxf2+ 13. Kxf2 Bc5+ 14. Kg2
c6 15. Ne4 Be7 16. Ne2 O-O 17. a4 a5 18. h3 Nd7 19. d4 b6 20. Nf4 N7f6 21. c3
Bb7 22. Nxf6+ Nxf6 23. Nd3 Rac8 24. Rhd1 Rfd8 25. Nf4 Rd6 26. g5 Nd5 27. Nxd5
cxd5 {(=)} 28. h4 Ba6 29. Bc2 Rdd8 30. Re1 Bd6 31. Kh3 Rc7 32. Kg4 Bc8 33. Rac1
e5+ 34. Bf5 Bxf5+ 35. Kxf5 g6+ {(=)} 36. Kg4 exd4 37. cxd4 Rcc8 38. Bf4 Bxf4 {
(=)} 39. Kxf4 Kf8 40. Ke5 Re8+ 41. Kxd5 Rxe1 42. Rxc8+ Ke7 43. Rc7+ Ke8 44. Rb7
Re6 45. Kc4 Rd6 46. d5 Kf8 47. Kd4 f6 48. Rxh7 Kg8 49. Rb7 Kf8 50. f4 Kg8 51.
gxf6 Rxf6 52. Ke5 Rf5+ 53. Ke6 Rxf4 54. d6 Rf2 55. d7 Re2+ 56. Kf6 1-0

[Event "34. Kieler Open 2022"]
[Site "Kiel"]
[Date "2022.07.31"]
[Round "4.41"]
[White "Christiansen, Henning"]
[Black "Peglau, Markus"]
[Result "1/2-1/2"]
[WhiteElo "1360"]
[BlackElo "1843"]
[PlyCount "82"]
[EventDate "2022.??.??"]

1. d4 c5 2. c3 Nf6 3. Bf4 e6 4. e3 d5 5. Nd2 Be7 6. Ngf3 Nc6 7. Bd3 Qb6 8. Qb3
c4 9. Qxb6 axb6 10. Bc2 b5 11. O-O b4 12. h3 O-O 13. e4 bxc3 14. bxc3 Ra3 15.
Nb1 Ra6 16. exd5 exd5 17. Re1 h6 18. Nbd2 b5 19. Ne5 Nxe5 20. Bxe5 b4 21. Bxf6
Bxf6 22. cxb4 Bxd4 23. b5 Ra3 24. Rab1 Rxa2 25. Nf3 Bxf2+ 26. Kxf2 Rxc2+ 27.
Kg1 c3 28. b6 Rd8 29. b7 Bxb7 30. Rxb7 Rd6 31. Re8+ Kh7 32. Ree7 Rg6 33. Nh4
Rf6 34. Nf3 Kg6 35. Red7 Rc1+ 36. Kh2 c2 37. Rbc7 Rf4 38. Rxd5 Rd1 39. Rdc5 Rd6
{(=)} 40. Rxc2 Rff6 41. Re2 Rde6 1/2-1/2

[Event "34. Kieler Open 2022"]
[Site "Kiel"]
[Date "2022.07.31"]
[Round "4.42"]
[White "Braeutigam, Katerina"]
[Black "Jacobasch, Ronja"]
[Result "1/2-1/2"]
[WhiteElo "1781"]
[BlackElo "1457"]
[PlyCount "101"]
[EventDate "2022.??.??"]

1. e4 d6 2. d4 Nf6 3. Nc3 g6 4. Nf3 Bg7 5. Bc4 O-O 6. O-O Nxe4 7. Nxe4 d5 8.
Bd3 dxe4 9. Bxe4 c6 10. c3 Nd7 11. Bf4 c5 12. dxc5 Nxc5 13. Bd5 Bf5 14. Be3 Qc7
15. Nh4 Bd3 16. Re1 Ba6 17. Qf3 Nd3 {(=)} 18. Reb1 Ne5 19. Qg3 Rad8 20. Bb3 Qc6
21. Bd4 Nc4 22. Bxg7 Kxg7 23. Nf5+ Kh8 24. Nd4 Qf6 25. Bc2 Rd7 26. b3 Na3 27.
Rc1 Rc8 28. Be4 Rdc7 29. Qe3 b6 30. h3 Nb5 31. Nxb5 Bxb5 32. c4 Bc6 33. Re1
Bxe4 34. Qxe4 Rd8 35. Rad1 Rcd7 36. Rxd7 Rxd7 37. Qa8+ Kg7 38. Qe8 Qd6 39. Rf1
e6 40. Qc8 Qd3 41. b4 Rd4 42. c5 Rxb4 43. c6 Rc4 44. Qa6 Qd5 45. Qxa7 Qxc6 46.
Qa3 Rc2 47. Qb3 b5 48. a3 Qc4 49. Qe3 Qc3 50. Qxc3+ Rxc3 51. Rb1 1/2-1/2

[Event "34. Kieler Open 2022"]
[Site "Kiel"]
[Date "2022.07.31"]
[Round "4.44"]
[White "Sonnenberg, Andre"]
[Black "Schiller, Thomas"]
[Result "0-1"]
[WhiteElo "1341"]
[BlackElo "1723"]
[PlyCount "58"]
[EventDate "2022.??.??"]

1. e4 e5 2. Nf3 Nc6 3. Bc4 Nf6 4. d3 Be7 5. O-O d6 6. h3 Na5 7. Nc3 Nxc4 8.
dxc4 Be6 9. Qd3 h6 10. Nd5 Qd7 11. Nxe7 Qxe7 12. c5 dxc5 13. Qb5+ c6 14. Qe2
Nd7 15. Rd1 O-O 16. b3 Rad8 17. Bb2 f6 18. Nh4 Qf7 19. Nf5 Bxf5 20. exf5 Nb6
21. c4 Rfe8 22. Rd3 Rxd3 23. Qxd3 Re7 24. Qg3 Rd7 25. Re1 Nc8 26. Qg4 Rd3 27.
Bc1 Ne7 28. Bxh6 Rd4 29. Qg3 Nxf5 0-1

[Event "34. Kieler Open 2022"]
[Site "Kiel"]
[Date "2022.07.31"]
[Round "4.45"]
[White "Ahrens, Jan"]
[Black "Allen, Phillipp"]
[Result "1-0"]
[WhiteElo "1716"]
[BlackElo "1312"]
[PlyCount "107"]
[EventDate "2022.??.??"]

1. d4 d5 2. e3 c6 3. Bd3 Nf6 4. Nd2 Bg4 5. Ne2 e6 6. f3 Bh5 7. Nf4 Bg6 8. Nxg6
hxg6 9. f4 c5 10. c3 Nc6 11. Nf3 c4 12. Bc2 b5 13. O-O Bd6 14. Ne5 Ne7 15. Qf3
O-O 16. Qh3 a5 17. g4 b4 18. Qh4 a4 19. Nf3 b3 20. g5 Ne8 21. Bb1 Nf5 22. Bxf5
exf5 23. Ne5 Bc7 24. Rf3 Bxe5 25. dxe5 f6 26. gxf6 gxf6 27. Rh3 Qe7 28. Qh8+
Kf7 29. Rh7+ Ke6 30. Rxe7+ Kxe7 31. Qh4 Ke6 32. axb3 cxb3 33. Qe1 fxe5 34. fxe5
Kxe5 35. Qg3+ Kf6 36. Qf3 Nc7 37. Qf4 Ne6 38. Qb4 Rfc8 39. Rxa4 Rc4 40. Qxc4
dxc4 41. Rxa8 Nc5 42. Rc8 Nd3 43. Rxc4 Nxc1 44. Rb4 Ke5 45. h4 Kf6 46. Rb6+ Kg7
47. Kg2 Kh6 48. c4 Nd3 49. Rxb3 Ne5 50. c5 g5 51. c6 Ng6 52. hxg5+ Kxg5 53. c7
Ne7 54. Rb8 1-0

[Event "34. Kieler Open 2022"]
[Site "Kiel"]
[Date "2022.07.31"]
[Round "4.46"]
[White "Gade, Niels Severin"]
[Black "Lippmann, Kai"]
[Result "0-1"]
[WhiteElo "1505"]
[BlackElo "1952"]
[PlyCount "70"]
[EventDate "2022.??.??"]

1. e4 c6 2. d4 d5 3. exd5 cxd5 4. Nc3 e6 5. a3 Nf6 6. Bg5 a6 7. Nf3 Bd6 8. Bd3
Nbd7 9. O-O Qc7 10. Re1 O-O 11. Qe2 b5 12. Ne5 Bb7 13. g3 Rfe8 14. Nxd7 Nxd7
15. Qh5 g6 16. Qh4 Rac8 17. f4 Qb6 18. Ne2 e5 19. fxe5 Nxe5 20. Kg2 Nxd3 21.
cxd3 Rc2 22. Kf1 Rcc8 23. Bf6 Qc7 24. Rac1 Qd7 25. Nf4 Qf5 26. Rxc8 Rxc8 27.
Kg1 Bf8 28. Re5 Qd7 29. Rh5 Rc1+ 30. Kf2 Qe8 31. Rxh7 Qe1+ 32. Kf3 Qd1+ 33. Ne2
Qxd3+ 34. Kf2 Qf5+ 35. Kg2 Qf1# 0-1

[Event "34. Kieler Open 2022"]
[Site "Kiel"]
[Date "2022.07.31"]
[Round "4.47"]
[White "Ruhberg, Hartwig"]
[Black "Gombert, Reiner"]
[Result "0-1"]
[WhiteElo "1474"]
[BlackElo "1915"]
[PlyCount "44"]
[EventDate "2022.??.??"]

1. e4 c5 2. Nf3 Nc6 3. c4 e6 4. Nc3 Nge7 5. g3 d5 6. cxd5 exd5 7. exd5 Nxd5 8.
Bc4 Nxc3 9. bxc3 Be7 10. O-O O-O 11. Bb2 Bg4 12. Be2 Qd7 13. Re1 Rad8 14. Kg2
Bf6 15. Ba3 b6 16. d4 Rfe8 17. dxc5 Qf5 18. Qa4 Bxc3 19. Qxc6 Bxa1 20. Bd3
Bxf3+ 21. Qxf3 Qxf3+ 22. Kxf3 Rxe1 0-1

[Event "34. Kieler Open 2022"]
[Site "Kiel"]
[Date "2022.07.31"]
[Round "4.48"]
[White "Lutze, Max"]
[Black "Borgert, Alexander"]
[Result "1-0"]
[WhiteElo "1892"]
[BlackElo "1477"]
[PlyCount "71"]
[EventDate "2022.??.??"]

1. c4 e5 2. g3 Nf6 3. Bg2 d5 4. cxd5 Nxd5 5. Nc3 Nb6 6. Nf3 Nc6 7. O-O Bf5 8.
d3 Bc5 9. a3 O-O 10. b4 Bd4 11. Nxd4 exd4 12. Ne4 Nd5 13. Bb2 Nf6 14. Nc5 Bc8
15. b5 Na5 16. e3 dxe3 17. fxe3 Qe7 18. Ne4 Nxe4 19. Bxe4 Bh3 20. Qh5 f5 21.
Bd5+ Kh8 22. Qxh3 Qxe3+ 23. Kh1 Qxd3 24. Bg2 Qxb5 25. Rab1 Qd7 26. Rfd1 Qe6 27.
Bc3 Nc6 28. Rxb7 Rfc8 29. Qh5 Nd8 30. Qg5 Qg6 31. Qxg6 hxg6 32. Rb4 a5 33. Rh4+
Kg8 34. Bxa8 Rxa8 35. Rd7 Ne6 36. Re7 1-0

[Event "34. Kieler Open 2022"]
[Site "Kiel"]
[Date "2022.07.31"]
[Round "4.49"]
[White "Dau-Schmidt, Piet"]
[Black "Schmidt, Peter"]
[Result "0-1"]
[WhiteElo "1445"]
[BlackElo "1877"]
[PlyCount "90"]
[EventDate "2022.??.??"]

1. d4 Nf6 2. c4 c5 3. d5 b5 4. Nd2 bxc4 5. e4 Qa5 6. Qc2 g6 7. Bxc4 d6 8. Ne2
Bg7 9. O-O O-O 10. a3 Qb6 11. b4 Nxe4 12. Rb1 Nxd2 13. Bxd2 Bf5 14. Bd3 Bxd3
15. Qxd3 Nd7 16. bxc5 Nxc5 17. Rxb6 Nxd3 18. Rb7 Bf6 19. Bc3 Bxc3 20. Nxc3 Rfc8
21. Ne4 Kf8 22. Rd1 Nc5 23. Nxc5 Rxc5 24. g3 a5 25. Re1 {(=)} Re8 26. Rd1 Rec8
27. Kg2 Rc3 28. Re1 R8c7 29. Rxc7 Rxc7 30. Re3 Rc4 31. Rd3 Ke8 32. Kf3 Kd7 33.
Ke3 e6 34. dxe6+ Kxe6 35. f4 f5 36. Rb3 a4 37. Rd3 d5 38. h3 Kd6 39. Kf3 d4 40.
g4 Kd5 41. Ke2 Rc2+ 42. Kd1 Rc3 43. Kd2 Kc4 44. Rxc3+ dxc3+ 45. Kc2 Kd4 0-1

[Event "34. Kieler Open 2022"]
[Site "Kiel"]
[Date "2022.07.31"]
[Round "4.50"]
[White "Schramm, Daniel"]
[Black "Friedrich, Heike"]
[Result "1-0"]
[WhiteElo "1829"]
[BlackElo "1472"]
[PlyCount "45"]
[EventDate "2022.??.??"]

1. c4 e5 2. g3 Nc6 3. Bg2 Nf6 4. Nc3 Be7 5. d3 O-O 6. e4 d6 7. Nge2 a6 8. O-O
Rb8 9. Be3 b6 10. Qd2 Bb7 11. h3 Ra8 12. Nd5 Nxd5 13. cxd5 Na7 14. Rac1 Qd7 15.
Kh2 b5 16. f4 c6 17. b4 cxd5 18. exd5 Bxd5 19. Bxd5 Rae8 20. Rc2 Rc8 21. Rxc8
Qxc8 22. Bxa7 Qc7 23. Be3 1-0

[Event "34. Kieler Open 2022"]
[Site "Kiel"]
[Date "2022.07.31"]
[Round "4.51"]
[White "Aguike, Toshiya"]
[Black "Schirmag, Wolfgang"]
[Result "0-1"]
[WhiteElo "1412"]
[BlackElo "1748"]
[PlyCount "70"]
[EventDate "2022.??.??"]

1. e4 c5 2. Bc4 e6 3. Nc3 d6 4. d3 Be7 5. Nf3 Nc6 6. Bf4 Nf6 7. e5 Nh5 8. exd6
Nxf4 9. dxe7 Qxe7 10. Rg1 a6 11. a3 b5 12. Ba2 Bd7 13. Qd2 Ng6 14. Ne4 b4 15.
Qe3 bxa3 16. bxa3 c4 17. Bxc4 O-O 18. Qg5 f6 19. Qe3 Na5 20. Ba2 Kh8 21. Qc5
Qd8 22. Nd6 Rb8 23. Nd4 Nb7 24. Nxb7 Rxb7 25. Kd2 e5 26. Nc6 Qc8 27. Bd5 Rc7
28. Be4 Bxc6 29. Bxg6 hxg6 30. Qe3 Qf5 31. Qc5 Rfc8 32. Qa5 Qxf2+ 33. Kc3 Bd5+
34. Kb4 Rb7+ 35. Ka4 Qxc2# 0-1

[Event "34. Kieler Open 2022"]
[Site "Kiel"]
[Date "2022.07.31"]
[Round "4.52"]
[White "Farokhi, Darian"]
[Black "Behrendt, Matthias"]
[Result "1/2-1/2"]
[WhiteElo "1384"]
[BlackElo "1701"]
[PlyCount "81"]
[EventDate "2022.??.??"]

1. e4 c5 2. Nf3 d6 3. d4 cxd4 4. Nxd4 Nf6 5. Nc3 a6 6. Be3 e5 7. Nb3 Be6 8. f3
Be7 9. Qd2 Nbd7 10. g4 b5 11. g5 Nh5 12. O-O-O Nb6 13. Nd5 Bxd5 14. exd5 Nf4
15. Bxf4 exf4 16. h4 f6 17. gxf6 Bxf6 18. Qxf4 O-O 19. Qg4 Rc8 20. c3 Na4 21.
Nd4 Qa5 22. Rd3 Nxc3 23. Rxc3 Rxc3+ 24. bxc3 Qxc3+ 25. Nc2 Rc8 26. Qe4 Qb2+ 27.
Kd2 Bc3+ 28. Kd3 Be5 29. Kd2 Bf4+ 30. Qxf4 Rxc2+ 31. Ke3 Qc1+ 32. Ke4 Qe1+ 33.
Kf5 g6+ 34. Kg4 h5+ 35. Kg5 Rc7 36. Qxd6 Qe3+ 37. Qf4 Qe7+ 38. Qf6 Qe3+ 39. Qf4
Qe7+ 40. Qf6 Qe3+ 41. Qf4 1/2-1/2

[Event "34. Kieler Open 2022"]
[Site "Kiel"]
[Date "2022.07.31"]
[Round "4.53"]
[White "Ahrens, Gunnar"]
[Black "Dotschuweit, Erik"]
[Result "1-0"]
[WhiteElo "1677"]
[BlackElo "1393"]
[PlyCount "81"]
[EventDate "2022.??.??"]

1. Nf3 Nf6 2. b3 b6 3. Bb2 Bb7 4. c4 c5 5. e3 Nc6 6. Be2 Qc7 7. Nc3 e6 8. O-O
d5 9. Nb5 Qb8 10. d4 a6 11. cxd5 Nxd5 12. Nc3 Bd6 13. Nxd5 exd5 14. h3 O-O 15.
Rc1 Qa7 16. dxc5 Bxc5 17. Nd4 Rad8 18. a3 Nxd4 19. exd4 Bd6 20. Bd3 Rfe8 21.
Qh5 h6 22. Qf5 g6 23. Qf3 Re6 24. Rce1 Rxe1 25. Rxe1 Kg7 26. h4 a5 27. Bc1 a4
28. Qe3 Rh8 29. b4 Qb8 30. Bb5 Qd8 31. g3 Qc8 32. Bxa4 Bc6 33. Bb3 b5 34. Qf3
Re8 35. Be3 Qa8 36. Rc1 Bb7 {(=)} 37. g4 Qxa3 38. Bxd5 Bxd5 39. Bxh6+ Kxh6 40.
g5+ Kg7 41. Qxa3 1-0

[Event "34. Kieler Open 2022"]
[Site "Kiel"]
[Date "2022.07.31"]
[Round "4.54"]
[White "Schmieder, Kerstin"]
[Black "Aminmansour, Bardia"]
[Result "0-1"]
[WhiteElo "1672"]
[BlackElo "1344"]
[PlyCount "100"]
[EventDate "2022.??.??"]

1. d4 e6 2. Nc3 d5 3. Nf3 c5 4. Bf4 Nc6 5. e3 cxd4 6. exd4 Bd6 7. Qd2 Nf6 8.
Bd3 Bxf4 9. Qxf4 Bd7 10. O-O O-O 11. a3 a6 12. Ne2 Rc8 13. c3 Na5 14. Ng3 Nb3
15. Rab1 a5 16. Bc2 Ba4 17. Rfe1 b5 18. Qe3 Qb6 {(=)} 19. Qd3 b4 20. axb4 axb4
21. Ng5 g6 22. Re3 Bb5 23. Qd1 Na5 24. Rf3 Qd8 25. cxb4 Nc4 26. Rc3 Qb6 27. h3
Nxb2 28. Qf3 Qxd4 29. Rxc8 Rxc8 30. Ne2 Bxe2 31. Qxe2 Nd7 32. b5 Nb6 33. Qf3 f6
34. Nxe6 Qe5 35. Qb3 N2c4 36. Qb4 Qxe6 37. Re1 Ne5 38. f4 Rxc2 39. fxe5 fxe5
40. Qb3 Rc4 41. Qa3 Rc8 42. Qg3 Nc4 43. Ra1 Qb6+ 44. Kh1 Qxb5 45. Qg4 Qe8 46.
Ra6 Rc6 47. Ra7 Rf6 48. Rc7 Rf8 49. Qh4 Rf7 50. Qg4 Rxc7 0-1

[Event "34. Kieler Open 2022"]
[Site "Kiel"]
[Date "2022.07.31"]
[Round "4.55"]
[White "Suhr, Michael"]
[Black "Mueller, Cosima"]
[Result "1/2-1/2"]
[WhiteElo "1672"]
[BlackElo "1340"]
[PlyCount "49"]
[EventDate "2022.??.??"]

1. e4 c5 2. Nf3 Nc6 3. d4 cxd4 4. Nxd4 g6 5. Be3 Bg7 6. c3 Nf6 7. Bd3 O-O 8.
O-O d5 9. Nxc6 bxc6 10. e5 Ng4 11. Bd4 Qc7 12. f4 c5 13. Bf2 Nxf2 14. Rxf2 Rb8
15. c4 e6 16. Nc3 Bb7 17. Nb5 Qb6 18. Nd6 f6 19. Qg4 Bc8 20. Qe2 Bd7 21. b3
fxe5 22. fxe5 Rxf2 23. Kxf2 Rf8+ 24. Kg1 Qd8 25. Re1 1/2-1/2

[Event "34. Kieler Open 2022"]
[Site "Kiel"]
[Date "2022.07.31"]
[Round "4.56"]
[White "Tabakh, Najat"]
[Black "Cordts, Elof"]
[Result "1-0"]
[WhiteElo "1313"]
[BlackElo "1662"]
[PlyCount "117"]
[EventDate "2022.??.??"]

1. e4 c5 2. Nf3 d6 3. d4 cxd4 4. Nxd4 Nf6 5. Nc3 a6 6. Bc4 e6 7. Nf3 Qc7 8. Bb3
Nbd7 9. Bf4 Be7 10. O-O O-O 11. Re1 e5 12. Bg5 h6 13. Bh4 b5 14. Nd5 Qd8 15.
Nxe7+ Qxe7 16. Qd2 Rd8 17. Rad1 Nb6 18. Nxe5 Qxe5 19. Bg3 Qxb2 20. e5 Bg4 21.
Rb1 dxe5 22. Qxd8+ Rxd8 23. Rxb2 Nbd7 24. h3 Bf5 25. Bxe5 Re8 26. Bc3 Rc8 27.
Bxf6 Nxf6 28. Re7 Bg6 29. Ra7 Rc6 30. Rb1 Rd6 31. Rc1 Rc6 32. Rb7 Rc5 33. a4
bxa4 34. Bxa4 Rc4 35. Bb3 Rc6 36. Rb8+ Kh7 37. Rb7 Kg8 38. Ra7 Ne4 39. Rd1 Nc5
40. Rd8+ Kh7 41. Bxf7 Bxf7 42. Rxf7 Kg6 43. Rf3 Ne6 44. Rd2 a5 45. c3 a4 46.
Ra2 Nc5 47. g4 Ra6 48. Rf4 Ra5 49. Rc4 a3 50. Kg2 Nb3 51. Rb4 Nc5 52. c4 Ra6
53. Rb5 Ne4 54. Rb3 Rc6 55. Raxa3 Rxc4 56. Ra6+ Kh7 57. Ra7 Rc2 58. Rf3 Nf6 59.
Rxf6 1-0

[Event "34. Kieler Open 2022"]
[Site "Kiel"]
[Date "2022.07.31"]
[Round "4.57"]
[White "Aguike, Chidera"]
[Black "Kathage, Holger"]
[Result "1-0"]
[WhiteElo "1267"]
[BlackElo "1655"]
[PlyCount "87"]
[EventDate "2022.??.??"]

1. e4 c5 2. Nf3 d6 3. h3 Nf6 4. Nc3 a6 5. d4 cxd4 6. Nxd4 e6 7. Bc4 Qc7 8. Bb3
Nbd7 9. Nf3 Nc5 10. Nd2 b5 11. a3 Nxb3 12. Nxb3 Bb7 13. Qe2 Be7 14. f3 Nh5 15.
Qf2 d5 16. Rg1 dxe4 17. Nxe4 Rc8 18. Nc3 Bxa3 19. Rxa3 b4 20. Ra5 Nf6 21. Na2
Nd7 22. Nxb4 O-O 23. Ra1 Rfd8 24. Be3 Ne5 25. Bb6 Qd6 26. Qd4 Qxd4 27. Nxd4 Rd6
28. Ba7 Rc4 29. Nd3 Nxd3+ 30. cxd3 Rcxd4 31. Bxd4 Rxd4 32. Ke2 Rb4 33. Rab1 g6
34. Kd2 Bd5 35. b3 Rxb3 36. Rxb3 Bxb3 37. Ra1 Bd5 38. Rxa6 Kg7 39. Kc3 Kf6 40.
d4 Kf5 41. Ra7 Kf6 42. Kb4 h5 43. Kc5 Kg5 44. Rxf7 1-0

[Event "34. Kieler Open 2022"]
[Site "Kiel"]
[Date "2022.07.31"]
[Round "4.58"]
[White "Dittmar, Markus"]
[Black "Klein, Edmund"]
[Result "1-0"]
[WhiteElo "1615"]
[BlackElo "1323"]
[PlyCount "113"]
[EventDate "2022.??.??"]

1. Nf3 Nf6 2. g3 b6 3. Bg2 Bb7 4. O-O e6 5. c4 c5 6. Nc3 d6 7. Re1 Be7 8. e4
Nbd7 9. d4 cxd4 10. Nxd4 a6 11. Nde2 Qc7 12. Nf4 Qxc4 13. e5 Bxg2 14. exf6 Nxf6
15. Nxg2 O-O 16. Be3 b5 17. a4 b4 18. Na2 a5 19. b3 Qd5 20. Nc1 Qxd1 21. Rxd1
Nd5 22. Bd4 Rfd8 23. Ne2 Bf6 {(=)} 24. Rac1 Bxd4 25. Nxd4 Nc3 26. Rd2 e5 27.
Nc6 Rd7 28. Re1 f6 29. f4 e4 30. Ne3 d5 31. Nd4 Kf7 {(=)} 32. Kf2 Rad8 33. Nd1
Rc8 34. Ne3 Rcc7 35. Rc2 Rb7 36. Rec1 g6 37. Nd1 Nxd1+ 38. Rxd1 Rbc7 39. Rdc1
Rxc2+ 40. Rxc2 Re7 41. Ke3 f5 42. Nc6 Re8 43. Rc5 Ke6 44. Rxa5 Kd6 45. Nxb4 Rc8
46. Rxd5+ Ke6 47. Kd2 Rb8 48. Rd4 Rc8 49. Nc2 Ra8 50. Ne3 Ra7 51. Kc3 Rc7+ 52.
Rc4 Rd7 53. Kb4 Rd3 54. Rc3 Rd4+ 55. Nc4 Rd5 56. a5 Kd7 57. Nb6+ 1-0

[Event "34. Kieler Open 2022"]
[Site "Kiel"]
[Date "2022.07.31"]
[Round "4.59"]
[White "Tran, Hanna Emilie Mai Hoa"]
[Black "Riechenberg, Sebastian"]
[Result "0-1"]
[WhiteElo "1260"]
[BlackElo "1606"]
[PlyCount "136"]
[EventDate "2022.??.??"]

1. e4 e5 2. Nf3 Nc6 3. Bc4 Nf6 4. d3 Bc5 5. Bg5 d6 6. h3 h6 7. Bh4 a6 8. Nc3
Ba7 9. Bxf6 Qxf6 10. Nd5 Qd8 11. Qd2 Be6 12. a3 Ne7 13. Ne3 Bxe3 14. Qxe3 Bxc4
15. dxc4 Qd7 16. c5 Qe6 17. cxd6 cxd6 18. Rd1 O-O 19. Qb6 Qc4 20. Qb3 Qxe4+ 21.
Kf1 Rfd8 22. Qd3 Qxd3+ 23. Rxd3 Rac8 24. Rd2 Ng6 25. g3 Kf8 26. Kg2 Ke7 27. Re1
Nf8 28. Re3 Ne6 29. Ng1 g5 30. Ne2 f5 31. f4 gxf4 32. gxf4 e4 33. Nc3 Nc7 34.
Rg3 Rg8 35. Rxg8 Rxg8+ 36. Kf2 Ke6 37. Rd4 h5 38. Ne2 h4 39. Rc4 Nd5 40. Nd4+
Kf6 41. Ne2 Rg7 42. Rd4 Ke6 43. c4 Nb6 44. b3 a5 45. b4 axb4 46. axb4 Rc7 47.
c5 dxc5 48. bxc5 Rxc5 49. Rb4 Nd5 50. Nd4+ Kf6 51. Rxb7 Nxf4 52. Rb6+ Ke5 53.
Nc6+ Kd5 54. Nb4+ Kc4 55. Na6 Nxh3+ 56. Kg2 Nf4+ 57. Kf2 Ra5 58. Rc6+ Kb5 59.
Nb8 Ra3 60. Rf6 Rf3+ 61. Ke1 Ng2+ 62. Ke2 h3 63. Rh6 Nf4+ 64. Ke1 e3 65. Rh7 e2
66. Rb7+ Kc5 67. Rc7+ Kd5 68. Rd7+ Ke6 0-1

[Event "34. Kieler Open 2022"]
[Site "Kiel"]
[Date "2022.07.31"]
[Round "4.60"]
[White "Giede, Anna-Blume"]
[Black "Bruehl, Rainer"]
[Result "1-0"]
[WhiteElo "1597"]
[BlackElo "1264"]
[PlyCount "86"]
[EventDate "2022.??.??"]

1. e4 c6 2. d4 d5 3. exd5 cxd5 4. c4 e6 5. Nc3 Nf6 6. Nf3 Bb4 7. cxd5 Nxd5 8.
Bd2 O-O 9. Bd3 f6 10. Qc2 f5 11. g4 Nf6 12. gxf5 Bxc3 13. bxc3 Re8 14. O-O-O
Qd5 15. Ne5 b5 16. fxe6 Rxe6 17. Bg5 Nbd7 18. f4 Ra6 19. c4 Qxd4 20. Bxh7+ Nxh7
21. Rxd4 Nxe5 22. Rd8+ Nf8 23. fxe5 Bb7 24. Rxa8 Bxa8 25. cxb5 Rg6 26. Be7 Bxh1
27. Bxf8 Rg1+ 28. Kb2 Rg2 29. Qxg2 Bxg2 30. Bc5 a6 31. bxa6 Kf7 32. Kc3 Ke6 33.
Kd4 Bd5 34. a4 g6 35. Bd6 Bf3 36. a5 g5 37. a7 Kd7 38. Kc5 Ba8 39. Bb8 Ke6 40.
Kb6 Kd7 41. Bc7 Ke6 42. Bd8 Kxe5 43. Kc7 Ke6 1-0

[Event "34. Kieler Open 2022"]
[Site "Kiel"]
[Date "2022.07.31"]
[Round "4.61"]
[White "Korte, Andreas"]
[Black "Pollerberg, Amelie"]
[Result "1-0"]
[WhiteElo "1560"]
[BlackElo "1252"]
[PlyCount "81"]
[EventDate "2022.??.??"]

1. c4 g6 2. Nc3 Bg7 3. g3 e5 4. Bg2 Nf6 5. e4 d6 6. Nge2 Be6 7. d3 c6 8. O-O
O-O 9. h3 Qd7 10. Kh2 d5 11. b3 d4 12. Nb1 Qc7 13. Nd2 Nbd7 14. f4 exf4 15.
Nxf4 Ne5 16. Nf3 Nxf3+ 17. Bxf3 h6 18. Nxe6 fxe6 19. Bf4 e5 20. Bd2 Kh7 21. Qe2
Rf7 22. Rf2 {(=)} Raf8 23. Raf1 c5 24. Kg2 Qe7 25. Qd1 Qe8 26. Qc1 Qe6 27. Qa3
b6 28. b4 g5 29. bxc5 bxc5 30. Qxc5 Nd7 31. Qxa7 Nb6 32. Qa3 Ra8 33. Qb3 Rfa7
34. Bb4 Rb8 35. Bg4 Qc6 36. a3 Qb7 37. Qd1 Na4 38. Bh5 Rba8 39. Rf7 Qa6 40. Qg4
Rxf7 41. Rxf7 1-0

[Event "34. Kieler Open 2022"]
[Site "Kiel"]
[Date "2022.07.31"]
[Round "4.62"]
[White "Lehrer, Manuel"]
[Black "Sauer, Ben"]
[Result "1-0"]
[WhiteElo "1551"]
[BlackElo "1254"]
[PlyCount "95"]
[EventDate "2022.??.??"]

1. e4 c5 2. Nc3 Nc6 3. Nge2 e5 4. Nd5 d6 5. Nec3 Nge7 6. Bc4 a6 7. a4 Nxd5 8.
Nxd5 Be6 9. d3 Bxd5 10. Bxd5 Qd7 11. O-O Ne7 12. Bc4 g6 13. f4 exf4 14. Rxf4 f5
15. exf5 d5 16. f6 Bh6 17. Re4 dxe4 18. Bxh6 Qd4+ 19. Kh1 Qxf6 20. dxe4 Qd4 21.
Qf1 O-O-O 22. c3 Qe5 23. Qf7 Rhe8 24. Be6+ Kb8 25. Bf4 Qxf4 26. Qxf4+ Ka8 27.
Rf1 Rd3 28. Qf7 Rdd8 29. Bd7 Rf8 30. Qxf8 Rxf8 31. Rxf8+ Ka7 32. Rf7 Ng8 33.
Rxh7 Nf6 34. Re7 Nxd7 35. Rxd7 Kb8 36. Rg7 c4 37. Rxg6 b5 38. Rxa6 bxa4 39.
Rxa4 Kb7 40. Rxc4 Kb6 41. e5 Kb5 42. b3 Kb6 43. e6 Kb5 44. e7 Kb6 45. e8=Q Kb7
46. Qc6+ Kb8 47. Rb4+ Ka7 48. Qb7# 1-0